Największe miasta Nowej Zelandii - Statystyki

Ogólne statystyki
  • Ten quiz został rozwiązany 855 razy
    848 od ostatniego zresetowania
  • Średni wynik to 5 z 15
Statystyki odpowiedzi
# Populacja Miasto % Poprawnych
3. 212 000 Wellington
92%
1. 1 523 940 Auckland
90%
2. 403 200 Christchurch
51%
6. 118 980 Dunedin
43%
4. 191 290 Hamilton
28%
5. 162 950 Tauranga
19%
7. 111 500 Lower Hutt
18%
11. 67 270 Napier
18%
10. 70 240 Nelson
18%
8. 85 550 Palmerston North
17%
9. 70 820 Hastings
16%
13. 60 220 New Plymouth
16%
12. 63 080 Rotorua
16%
15. 56 640 Whangarei
15%
14. 60 200 Porirua
12%
Nie znaleziono quizów pasujących do podanych kryteriów
Rozkład punktacji
Procent ludzi z każdym wynikiem
Percentyl według liczby udzielonych odpowiedzi
Twoja historia wyników
Nie rozwiązałeś tego quizu od ostatniego zresetowania